000 00495nam a2200181 a 4500
001 1770285652907
003 YourLibrary
005 20260205153743.0
008 260205s2003##################000#0#eng##
020 _a9781899287666
082 0 4 _a332.678BUR
100 1 _aBurns-Howell, T.,
_eauthor.
245 1 0 _aSecurity Risk Assessment and Control :
260 _bPalgrave Macmillan,
_c2003.
650 0 _aBusiness & Economics.
942 _cENGLISH
040 _aYourLibrary
_beng
_cYourLibrary
999 _c610478
_d610478